00810nam a2200241 a 45000010005000000030008000050050017000130080041000300200015000710350018000860400026001040410008001300820024001381000024001622450095001862600044002813000025003254900050003505040042004006500040004427100036004828300050005183971BD-RjUL20211208233818.0131221s1988 enk 001 0 eng d a0710211430 a(BD-RjUL)4005 aBD-RjULbengcBD-RjUL aeng a334.1219bBIB 19881 aBirchall, Johnston.10aBuilding communities the co-operative way /cJohnston Birchall ; foreword by Michael Young aLondon :bRoutledge & Kegan Paul,c1988 axii, 223 p. ;c23 cm1 aReports of the Institute of Community Studies aBibliography: p211-215 includes index 0aHousing, CooperativezGreat Britain2 aInstitute of Community Studies. 0aReports of the Institute of Community Studies